00729nam a22001817a 450000500170000001000150001702000260003203500130005803700130007110000160008424501030010026000460020327001020024930000330035194200170038499900170040195201290041820130712113237.0 aENG-107964 c995.00a9789350352335 aEN-91497 bDBAD/PUB aMidha, J.R.00aLaw relating to motor accident claims :cby J.R. MidhabA ready referencer with latest judgments / aDelhibUniversal Law Publishing Co.c2012 aC-FF-1A, Dilkhus Industrial Estate, (Near Azadpur Metro Station) G.T. Karnal Road,bDelhie110033 axxxv,708p. :c28cm(Hb)bill. 2ddccENmMID c77430d77430 001040718NFICaDBADbDBADd2013-07-12eDBAD/PUBg995.00l0oMIDpEN-91497r2013-07-12 00:00:00t1v995.00w2013-07-12yEN